000 00293nam a2200121Ia 4500
008 190216s9999||||xx |||||||||||||| ||und||
100 _aMahaswari P & Manohar Lala
245 0 _aJeevasastram
260 _bKerala Bhasha Institute
_c1974
300 _a257p
650 _aBotany
942 _cBK
999 _c39590
_d39590